000
00241nam a22000977a 4500
041
_a
ENG
245
_a
Osf /Motif Programmer's Guide
260
_a
Delhi
_b
Prentice Hall Englewood
_c
1998
650
_a
Competitive Exam
856
_u
Competitive Exam
999
_c
702
_d
702